Court appeal civil appeal No.30 of 2005.Ngere Ltd vs David Wamala (Record no. 3424)
[ view plain ]
| 000 -LEADER | |
|---|---|
| fixed length control field | 00765nam a22001337a 4500 |
| 008 - FIXED-LENGTH DATA ELEMENTS--GENERAL INFORMATION | |
| fixed length control field | 110621t xxu||||| |||| 00| 0 eng d |
| 010 ## - LIBRARY OF CONGRESS CONTROL NUMBER | |
| LC control number | CACAF65 |
| 245 ## - TITLE STATEMENT | |
| Title | Court appeal civil appeal No.30 of 2005.Ngere Ltd vs David Wamala |
| 260 ## - PUBLICATION, DISTRIBUTION, ETC. (IMPRINT) | |
| Date of publication, distribution, etc | 2005 |
| 500 ## - GENERAL NOTE | |
| General note | CORAM: HON. JUSTICE A.E.N MPANGI BAHIGEINE, JA<br/> HON. JUSTICE C.K.BYAMUGISHA , JA<br/> HON. JUSTICE S.B.K.KAVUMA, JA |
| 500 ## - GENERAL NOTE | |
| General note | Appeal from the decision of the high Court of Uganda Commercial Division by Hon. justice Mr. James Ogoola delivered on 19/01/05 in Civil Suit No.1186 of 1999 |
| Withdrawn status | Lost status | Source of classification or shelving scheme | Damaged status | Koha normalized classification for sorting | Not for loan | Location (home branch) | Sublocation or collection (holding branch) | Shelving location | Date acquired | Koha issues (times borrowed) | Koha full call number | Piece designation (barcode) | Koha date last seen | Price effective from | Koha item type |
|---|---|---|---|---|---|---|---|---|---|---|---|---|---|---|---|
| Dewey Decimal Classification | 302005 | Law Development Centre Main Library | Archives | Law Reports | 06/21/2011 | 30/2005 | 30/2005 1 | 06/21/2011 | 06/21/2011 | Un Reported Cases | |||||
| Dewey Decimal Classification | 302005 | Law Development Centre Main Library | Archives | Law Reports | 06/21/2011 | 30/2005 | 30/2005 2 | 06/21/2011 | 06/21/2011 | Un Reported Cases |
